Fragmentos sobre la historia de la filosofía

Gorde:
Xehetasun bibliografikoak
Egile nagusia: Schopenhauer, Arthur (Egilea)
Formatua: Liburua
Hizkuntza:gaztelania
Argitaratua: Madrid SARPE 1984
Edizioa:1a. ed
Saila:Los Grandes Pensadores, 36
Gaiak:
Etiketak: Etiketa erantsi
Etiketarik gabe, Izan zaitez lehena erregistro honi etiketa jartzen!

MARC

LEADER 00000cam a2200000 a 4500
001 UCE2281
003 CL-VaPUC
008 140619e19840000sp |||||||||||||||||spa|d
020 |a 8449973864 
082 0 4 |a 193  |b SCH  |2 21 
100 0 |a Schopenhauer, Arthur  |e author  |9 265694 
245 1 0 |a Fragmentos sobre la historia de la filosofía 
250 |a 1a. ed 
300 |a 172 p 
942 |c BK 
945 |d 20140619 13:53:00  |a dcastane 
260 |a Madrid  |b SARPE  |c 1984 
650 0 |a Filosofía alemana   |9 265002 
650 7 |a FILOSOFOS ALEMANES  |2 CL-VaPUC  |9 574746 
650 0 |a Pesimismo  |9 322258 
650 0 |a Metafísica  |9 265649 
583 |a last modification  |c 20140619 13:53:00  |k Rodrigo Vera 
490 0 |a Los Grandes Pensadores, 36 
999 |c 355919  |d 355917 
952 |0 0  |1 0  |3 erd  |4 0  |6 193_000000000000000_SCH_1984  |7 0  |8 X  |9 462902  |a FDOBUD  |b FDOBUD  |i 5042682  |o 193 SCH 1984  |p 5042682  |r 2019-11-23  |w 2019-11-23  |y BK_X  |z Catalogado en:20140619  |k BUD